7ème Génération Pokémon - Statistiques

Statistiques générales
  • Ce quiz a été pris 1 581 fois
  • Le résultat moyen est 53 sur 80
Statistiques - réponses
Nom % Correct
722 Brindibou
96%
725 Flamiaou
96%
727 Félinferno
92%
792 Lunala
92%
728 Otaquin
92%
724 Archéduc
91%
791 Solgaleo
91%
726 Matoufeu
90%
730 Oratoria
89%
723 Efflèche
86%
729 Otarlette
85%
789 Cosmog
77%
733 Bazoucan
76%
745 Lougaroc
76%
744 Rocabot
76%
731 Picassaut
75%
734 Manglouton
74%
778 Mimiqui
73%
785 Tokorico
73%
787 Tokotoro
73%
735 Argouste
72%
738 Lucanon
72%
795 Mouscoto
72%
788 Tokopisco
72%
737 Chrysapile
71%
790 Cosmovum
71%
746 Froussardine
71%
794 Zéroïd
70%
782 Bébécaille
69%
800 Engloutyran
69%
798 Bamboiselle
68%
784 Ekaïser
68%
799 Katagami
68%
736 Larvibule
68%
758 Malamandre
68%
732 Piclairon
68%
777 Togedemaru
68%
786 Tokopiyon
68%
797 Câblifère
67%
754 Floramantis
67%
749 Tiboudet
67%
757 Tritox
67%
753 Mimantis
66%
776 Boumata
65%
750 Bourrinos
65%
796 Cancrelove
65%
763 Sucreine
64%
760 Chelours
63%
739 Crabagarre
63%
767 Sovkipou
63%
761 Croquine
62%
759 Nounourson
62%
740 Crabominable
61%
772 Type:0
61%
741 Plumeline
60%
752 Tarenbulle
59%
780 Draïeul
58%
765 Gouroutan
58%
751 Araqua
57%
742 Bombydou
57%
762 Candine
57%
783 Ekaïd
57%
743 Rubombelle
57%
773 Silvallié
57%
779 Denticrisse
56%
748 Prédastérie
56%
747 Vorastérie
56%
770 Trépassable
55%
766 Quatermac
54%
769 Bacabouh
53%
764 Guérilande
52%
801 Magearna
52%
793 Marshadow
52%
774 Météno
52%
775 Dodoala
48%
755 Spododo
48%
771 Concombaffe
46%
756 Lampignon
46%
781 Sinistrail
46%
768 Samuraï
40%
Aucun quiz correspondant
Distribution des résultats
% des personnes avec chaque résultat
Percentile par nombre de réponses
Votre historique - résultats
Vous n’avez pas pris ce quiz